000
00292nam a2200133Ia 4500
100
_a
Campbell Joe
942
_c
BK
654
_a
The R.S. 232 Solution
245
_a
The R.S-232 Solution
260
_b
B.P.B. Pub
_a
New Delhi
_c
1990
082
_a
4.69
_b
CAM
546
_a
ENGLISH
999
_c
24878
_d
24878